The Momentum as a Systematic Risk Factor on the Bond Market: Evidence for the Croatian Government Bonds

Cieľom tohto výskumu je preskúmať hybné stratégie na menej rozvinutom a menej likvidnom chorvátskom dlhopisovom trhu. Emisie štátnych dlhopisov v „čistej“ kune (domáca mena) aj v eurách (začlenená menová doložka) sa zvažujú na obdobie dlhšie ako 16 rokov. Počnúc dennými údajmi o cenách vládnych dlho...

Full description

Saved in:
Bibliographic Details
Main Author: Orlović, Zrinka
Other Authors: Dolinar, Denis, Zoričić, Davor
Format: Book Chapter
Language:English
Subjects:
Tags: Add Tag
No Tags, Be the first to tag this record!

MARC

LEADER 00000naa a2200000 4500
001 0307617
005 20250313080759.5
041 0 |a eng 
044 |a SK 
245 1 0 |a The Momentum as a Systematic Risk Factor on the Bond Market: Evidence for the Croatian Government Bonds  |c Zrinka Orlović, Denis Dolinar, Davor Zoričić 
520 |a Cieľom tohto výskumu je preskúmať hybné stratégie na menej rozvinutom a menej likvidnom chorvátskom dlhopisovom trhu. Emisie štátnych dlhopisov v „čistej“ kune (domáca mena) aj v eurách (začlenená menová doložka) sa zvažujú na obdobie dlhšie ako 16 rokov. Počnúc dennými údajmi o cenách vládnych dlhopisov a pomocou mesačných pozorovaní výnosov sa tento výskum pokúša identifikovať prítomnosť a silu hybnosti ako systematického rizikového faktora na rozvíjajúcom sa dlhopisovom trhu. 
610 2 0 |a dlhopisy 
610 2 0 |a dlhopisy štátne 
610 2 0 |a likvidita medzinárodná 
610 2 0 |a Chorvátsko 
610 2 0 |a stratégia menová 
100 1 |a Orlović, Zrinka 
700 1 |a Dolinar, Denis 
700 1 |a Zoričić, Davor